Sound intriguing : resource materials for teachers

Bibliographic Details
Main Authors: Maley, Alan (Author), Duff, Alan , 1942- (Author)
Format: Book
Published: Cambridge : Cambridge University Press , 1979
Subjects:

MARC

LEADER 00000cam a2200000 7i4500
001 0000008692
005 20161117093000.0
020 |a 0521221358 ,   |c cassette 
020 |a 0521221382 ,   |c book 
090 0 0 |a PE1067   |b .M243 kit 
100 0 |a Maley, Alan ,   |e author 
245 1 0 |a Sound intriguing :   |b resource materials for teachers   |c Alan Maley and Alan Duff 
260 2 |a Cambridge :   |b Cambridge University Press ,   |c 1979 
300 |a 73 p. ;   |c 21 cm. +.   |e 1 cassette (30 mins.) 
650 0 |a English language   |x Grammar 
650 0 |a English language   |x Study and teaching 
700 1 |a Duff, Alan ,   |d 1942- ,   |e author 
999 |a 1000003928   |b Book   |c OPEN SHELF (30 DAYS)   |e Gong Badak Campus 
999 |a 1000003929   |b Audio Cassette   |c Close Access   |e Gong Badak Campus 
999 |a 1000086360   |b Audio Cassette   |c Close Access   |e Gong Badak Campus